| 000 -GUIDE |
| Champ de contrôle de longueur fixe |
01007caa a22002297a 4500 |
| 003 - IDENTITÉ DU NUMÉRO DE CONTRÔLE |
| Champ de contrôle |
BI-BuBU |
| 008 - ÉLÉMENTS DE LONGUEUR FIXE - RENSEIGNEMENTS GÉNÉRAUX |
| Champ de contrôle de longueur fixe |
140314s2006 bd ||||| |||| 00| 0 fre d |
| 039 ## - NIVEAU DE CONTRÔLE BIBLIOGRAPHIQUE ET HISTORIQUE D'ENCODAGE [OBSOLETE] |
| Date creation |
20140318102251.0 |
| Nom catalographe |
Verhasselt |
| 040 ## - SOURCE DU CATALOGAGE |
| Organisme qui a effectué le catalogage original |
BI-BuBU |
| Code de la langue utilisée dans le catalogage |
fre |
| Organisme qui a effectué la transcription |
BI-BuBU |
| 080 0# - INDICE DE LA CLASSIFICATION DÉCIMALE UNIVERSELLE (CDU) |
| Indice de la Classification décimale universelle |
665.353.4 |
| 100 1# - VEDETTE PRINCIPALE - NOM DE PERSONNE |
| Code de relation |
aut |
| Nom de personne |
Nininahazwe, Jacqueline |
| 245 10 - MENTION DU TITRE |
| Titre |
Contribution à l'amélioration du taux d'extraction et de la qualité de l'huile de palme dans les unités artisanales de Rumonge |
| Mention de responsabilité, etc. |
Jacqueline Nininahazwe, Cathérine Niyongere |
| 260 ## - PUBLICATION, DIFFUSION, ETC. (ADRESSE BIBLIOGRAPHIQUE) |
| Lieu de publication, diffusion, etc. |
Gitega |
| Nom de l'éditeur, diffuseur, etc. |
Université du Burundi, Institut Supérieur d'Agriculté |
| Date of publication, distribution, etc |
2006 |
| 300 ## - DESCRIPTION MATÉRIELLE |
| Collation |
-XIV-50 f. |
| Dimensions |
29 cm |
| 502 ## - NOTE DE THÈSE OU MÉMOIRE |
| Note de thèse |
Mémoire présenté et soutenu publiquement en vue de l'obtention du grade d'Ingénieur Industriel |
| 650 #7 - VEDETTE-MATIÈRE - NOM COMMUN |
| Vedette de sujet ou vedette comportant un nom géographique |
Huile de Palme. Amelioration. Rumonge |
| 650 #7 - VEDETTE-MATIÈRE - NOM COMMUN |
| Vedette de sujet ou vedette comportant un nom géographique |
CUD. DataWinIsis. Verhasselt |
| 700 1# - VEDETTE SECONDAIRE - NOM DE PERSONNE |
| Code de relation |
aut |
| Nom d'auteur |
Niyongere, Cathérine |
| 942 ## - ÉLÉMENTS D'ENTRÉE ADDITIONNELLE (KOHA) |
| Type d item koha |
Memoire |